<?xml version="1.0" encoding="UTF-8"?>
<record
    xmlns:xsi="http://www.w3.org/2001/XMLSchema-instance"
    xsi:schemaLocation="http://www.loc.gov/MARC21/slim http://www.loc.gov/standards/marcxml/schema/MARC21slim.xsd"
    xmlns="http://www.loc.gov/MARC21/slim">

  <leader>01901nam a2200301 c 4500</leader>
  <datafield tag="999" ind1=" " ind2=" ">
    <subfield code="c">5582</subfield>
    <subfield code="d">5582</subfield>
  </datafield>
  <controlfield tag="001">a6090256</controlfield>
  <controlfield tag="003">SpMaBN</controlfield>
  <controlfield tag="005">20200513011840.0</controlfield>
  <controlfield tag="008">180109s2017    sp a   | |||| 000 0 spa  </controlfield>
  <datafield tag="015" ind1=" " ind2=" ">
    <subfield code="a">MON1801</subfield>
  </datafield>
  <datafield tag="017" ind1=" " ind2=" ">
    <subfield code="a">B 23479-2017</subfield>
    <subfield code="b">Oficina Dep&#xF3;sito Legal Barcelona</subfield>
  </datafield>
  <datafield tag="020" ind1=" " ind2=" ">
    <subfield code="a">9788434427174</subfield>
  </datafield>
  <datafield tag="040" ind1=" " ind2=" ">
    <subfield code="a">SpMaBN</subfield>
    <subfield code="b">spa</subfield>
    <subfield code="c">SpMaBN</subfield>
    <subfield code="e">rdc</subfield>
  </datafield>
  <datafield tag="082" ind1=" " ind2=" ">
    <subfield code="a">327.101 B219a 2017</subfield>
  </datafield>
  <datafield tag="100" ind1="1" ind2=" ">
    <subfield code="a">Ba&#xF1;os, Pedro</subfield>
    <subfield code="d">1960-</subfield>
  </datafield>
  <datafield tag="245" ind1="1" ind2="0">
    <subfield code="a">As&#xED; se domina el mundo :</subfield>
    <subfield code="b">desvelando las claves del poder mundial / </subfield>
    <subfield code="c">Pedro Ba&#xF1;os</subfield>
  </datafield>
  <datafield tag="260" ind1=" " ind2=" ">
    <subfield code="a">Barcelona : </subfield>
    <subfield code="b">Ariel,</subfield>
    <subfield code="c">2017</subfield>
  </datafield>
  <datafield tag="300" ind1=" " ind2=" ">
    <subfield code="a">468 p&#xE1;ginas</subfield>
    <subfield code="b">mapas</subfield>
  </datafield>
  <datafield tag="504" ind1=" " ind2=" ">
    <subfield code="a">Incluye referencias bibliogr&#xE1;fica</subfield>
  </datafield>
  <datafield tag="520" ind1=" " ind2=" ">
    <subfield code="a">Desde hace algunos a&#xF1;os, debido a la compleja situaci&#xF3;n actual, la ciencia de la geopol&#xED;tica est&#xE1; adquiriendo una importancia que hab&#xED;a perdido en cierto modo tras la segunda guerra mundial. &#xBF;C&#xF3;mo se relacionan los pa&#xED;ses? &#xBF;Qu&#xE9; estrategias de poder utilizan?
A trav&#xE9;s de numerosos ejemplos, veremos que existen una serie de estrategias cl&#xE1;sicas, todas con un trasfondo de hipocres&#xED;a y de aprovechamiento de las debilidades ajenas, que han prevalecido a lo largo del tiempo. Tambi&#xE9;n descubriremos que a lo largo de la historia se han cometido una serie de errores geopol&#xED;ticos que se siguen repitiendo. Porque, aunque hoy en d&#xED;a las reglas han cambiado, existen unos fundamentos inamovibles en este campo.
El coronel y experto estratega Pedro Ba&#xF1;os nos adentra en las inc&#xF3;gnitas de estos juegos de dominio entre pa&#xED;ses y nos desvela las claves y trucos del poder mundial, que son ni m&#xE1;s ni menos que unas eficaces reglas universales para conseguir nuestros objetivos manipulando al adversario.</subfield>
  </datafield>
  <datafield tag="650" ind1=" " ind2="7">
    <subfield code="a">Geopol&#xED;tica</subfield>
    <subfield code="2">Sears</subfield>
  </datafield>
  <datafield tag="650" ind1=" " ind2="7">
    <subfield code="a">Relaciones internacionales</subfield>
    <subfield code="2">Sears</subfield>
  </datafield>
  <datafield tag="650" ind1=" " ind2="7">
    <subfield code="a">Pol&#xED;tica mundial</subfield>
    <subfield code="y">S.XXI</subfield>
    <subfield code="2">Sears</subfield>
  </datafield>
  <datafield tag="650" ind1=" " ind2="7">
    <subfield code="a">Poder</subfield>
  </datafield>
  <datafield tag="901" ind1=" " ind2=" ">
    <subfield code="a">&amp;quot;ISBN&amp;quot;</subfield>
  </datafield>
  <datafield tag="942" ind1=" " ind2=" ">
    <subfield code="2">ddc</subfield>
    <subfield code="c">BK</subfield>
    <subfield code="z">3</subfield>
  </datafield>
  <datafield tag="956" ind1=" " ind2=" ">
    <subfield code="a">2</subfield>
  </datafield>
  <datafield tag="952" ind1=" " ind2=" ">
    <subfield code="0">0</subfield>
    <subfield code="1">0</subfield>
    <subfield code="2">ddc</subfield>
    <subfield code="4">0</subfield>
    <subfield code="7">0</subfield>
    <subfield code="8">CG</subfield>
    <subfield code="a">BJHA</subfield>
    <subfield code="b">BJHA</subfield>
    <subfield code="c">GEN</subfield>
    <subfield code="d">2019-08-19</subfield>
    <subfield code="i">19-02366</subfield>
    <subfield code="l">0</subfield>
    <subfield code="o">327.101 B219a 2017</subfield>
    <subfield code="p">19-02366</subfield>
    <subfield code="r">2019-08-19 00:00:00</subfield>
    <subfield code="t">e.1</subfield>
    <subfield code="w">2019-08-19</subfield>
    <subfield code="y">BK</subfield>
  </datafield>
  <datafield tag="952" ind1=" " ind2=" ">
    <subfield code="0">0</subfield>
    <subfield code="1">0</subfield>
    <subfield code="2">ddc</subfield>
    <subfield code="4">0</subfield>
    <subfield code="7">0</subfield>
    <subfield code="8">CG</subfield>
    <subfield code="a">BJHA</subfield>
    <subfield code="b">BJHA</subfield>
    <subfield code="c">GEN</subfield>
    <subfield code="d">2020-02-13</subfield>
    <subfield code="i">20-02659</subfield>
    <subfield code="l">0</subfield>
    <subfield code="o">327.101 B219a 2017</subfield>
    <subfield code="p">20-02659</subfield>
    <subfield code="r">2020-02-13 00:00:00</subfield>
    <subfield code="t">e.2</subfield>
    <subfield code="w">2020-02-13</subfield>
    <subfield code="y">BK</subfield>
  </datafield>
  <datafield tag="952" ind1=" " ind2=" ">
    <subfield code="0">0</subfield>
    <subfield code="1">0</subfield>
    <subfield code="2">ddc</subfield>
    <subfield code="4">0</subfield>
    <subfield code="7">0</subfield>
    <subfield code="8">CG</subfield>
    <subfield code="a">BJHA</subfield>
    <subfield code="b">BJHA</subfield>
    <subfield code="c">GEN</subfield>
    <subfield code="d">2020-02-13</subfield>
    <subfield code="i">20-02660</subfield>
    <subfield code="l">0</subfield>
    <subfield code="o">327.101 B219a 2017</subfield>
    <subfield code="p">20-02660</subfield>
    <subfield code="r">2020-02-13 00:00:00</subfield>
    <subfield code="t">e.3</subfield>
    <subfield code="w">2020-02-13</subfield>
    <subfield code="y">BK</subfield>
  </datafield>
  <datafield tag="952" ind1=" " ind2=" ">
    <subfield code="0">0</subfield>
    <subfield code="1">0</subfield>
    <subfield code="2">ddc</subfield>
    <subfield code="4">0</subfield>
    <subfield code="7">0</subfield>
    <subfield code="8">CG</subfield>
    <subfield code="a">BJHA</subfield>
    <subfield code="b">BJHA</subfield>
    <subfield code="c">GEN</subfield>
    <subfield code="d">2022-09-12</subfield>
    <subfield code="i">22-02872</subfield>
    <subfield code="l">0</subfield>
    <subfield code="o">327.101 B219a 2017</subfield>
    <subfield code="p">22-02872</subfield>
    <subfield code="r">2022-09-12 00:00:00</subfield>
    <subfield code="t">e.4</subfield>
    <subfield code="w">2022-09-12</subfield>
    <subfield code="y">BK</subfield>
  </datafield>
  <datafield tag="952" ind1=" " ind2=" ">
    <subfield code="0">0</subfield>
    <subfield code="1">0</subfield>
    <subfield code="2">ddc</subfield>
    <subfield code="4">0</subfield>
    <subfield code="7">0</subfield>
    <subfield code="8">CG</subfield>
    <subfield code="a">BJHA</subfield>
    <subfield code="b">BJHA</subfield>
    <subfield code="c">GEN</subfield>
    <subfield code="d">2024-07-23</subfield>
    <subfield code="i">23-03115</subfield>
    <subfield code="l">0</subfield>
    <subfield code="o">327.101 B219a 2017</subfield>
    <subfield code="p">23-03115</subfield>
    <subfield code="r">2024-07-23 15:04:20</subfield>
    <subfield code="t">e.5</subfield>
    <subfield code="w">2024-07-23</subfield>
    <subfield code="y">BK</subfield>
  </datafield>
</record>
